Statistics for Celebrity Memoirs

Click here to take the quiz!

General Stats

  • This quiz has been taken 19 times
  • The average score is 9 of 20

Answer Stats

Famous for... Title Author % Correct
PoliticianDreams from My Father: A Story of Race and InheritanceBarack Obama
100%
PoetI Know Why the Caged Bird SingsMaya Angelou
71%
ActorBossypantsTina Fey
71%
PoliticianLong Walk to FreedomNelson Mandela
71%
EducatorUp From SlaveryBooker T. Washington
57%
ComedianThe Girl with the Lower Back TattooAmy Schumer
57%
AuthorOn Writing: A Memoir of the CraftStephen King
57%
PoliticianAn American LifeRonald Reagan
43%
ComedianBorn a Crime: Stories From a South African ChildhoodTrevor Noah
43%
CoachEleven Rings: The Soul of SuccessPhil Jackson
43%
AthleteThe Mamba Mentality: How I PlayKobe Bryant
43%
AuthorA Moveable FeastErnest Hemingway
43%
ActorThe Princess DiaristCarrie Fisher
29%
ActorTroublemaker: Surviving Hollywood and ScientologyLeah Remini
29%
ActorLittle Girl LostDrew Barrymore
29%
AthleteCoach Wooden and Me: Our 50-Year Friendship On and Off the CourtKareem Abdul-Jabbar
29%
ActorScrappy Little NobodyAnna Kendrick
14%
ActivistThe Story of My Experiments with TruthMohandas Gandhi
14%
Pro WrestlerHave a Nice Day!: A Tale of Blood and SweatsocksMick Foley
14%
MusicianChronicles, Volume 1Bob Dylan
14%

Score Distribution

Percentile by Number Answered

Percent of People with Each Score

Your Score History

You have not taken this quiz